[Event "62.ITA Provinciale VE"]
[Site "Venezia Canal"]
[Date "2002.01.13"]
[Round "2.3"]
[White "Gerardi, Stefano"]
[Black "Velluti, Alberto"]
[Result "1-0"]
[WhiteElo "1506"]
[BlackElo "1609"]
[Annotator "Gabriele Ballarin"]
[PlyCount "41"]
[EventDate "2002.01.12"]
[EventType "swiss"]
[EventCountry "ITA"]
[SourceTitle "Inf 22"]

1. e4 c5 2. Nf3 e6 3. d4 cxd4 4. Nxd4 Nf6 5. Nc3 Qb6 6. e5 Nd5 7. Nxd5 exd5 8. Be2 Nc6 9. Nf3 Bc5 10. O-O d4 11. a3 a5 12. Rb1 O-O 13. Qd3 Re8 14. Bf4 Qc7 15. Ng5 Nxe5 16. Qxh7+ Kf8 17. Qh8+ Ke7 18. Qxg7 Nf3+ 19. Bxf3 Qxf4 20. Rfe1+ Kd8 21. Nxf7+ 1-0

[Event "62.ITA Provinciale VE"]
[Site "Venezia Canal"]
[Date "2002.01.13"]
[Round "2.6"]
[White "Nardin, Loris"]
[Black "Trangoni, Bruno"]
[Result "0-1"]
[WhiteElo "1329"]
[BlackElo "1662"]
[Annotator "Gabriele Ballarin"]
[PlyCount "94"]
[EventDate "2002.01.12"]
[EventType "swiss"]
[EventCountry "ITA"]
[SourceTitle "Inf 22"]

1. e4 e5 2. Nf3 Nc6 3. Bb5 f5 4. exf5 e4 5. Bxc6 dxc6 6. Qe2 Qe7 7. Nd4 Qe5 8. c3 Bd6 9. Na3 Bxa3 10. bxa3 Nf6 11. Qc4 Bxf5 12. Nxf5 Qxf5 13. Qb3 Rb8 14. O-O Qd5 15. Re1 O-O 16. c4 Qc5 17. Bb2 Ng4 18. Qg3 Qxf2+ 19. Qxf2 Nxf2 20. Bd4 Nd3 21. Rxe4 Rbe8 22. Rg4 g6 23. Rg3 Nf4 24. Rg4 h5 25. Rh4 g5 26. Rxf4 Rxf4 27. Bxa7 Rxc4 28. Be3 g4 29. Kf2 h4 30. g3 h3 31. Ke2 Ra4 32. Rb1 b6 33. Rb3 c5 34. Kd1 c4 35. Rc3 b5 36. Bc5 Ra6 37. d4 Rae6 38. Kc1 Re1+ 39. Kb2 R8e2+ 40. Rc2 Rxc2+ 41. Kxc2 Re2+ 42. Kc3 Rxh2 43. d5 Rxa2 44. Kb4 h2 45. Kxb5 h1=Q 46. Kxc4 Rc2+ 47. Kb5 Qxd5 0-1

[Event "62.ITA Provinciale VE"]
[Site "Venezia Canal"]
[Date "2002.01.13"]
[Round "2.7"]
[White "Ballarin, Gabriele"]
[Black "Civitareale, Alberto"]
[Result "1/2-1/2"]
[WhiteElo "1633"]
[BlackElo "1400"]
[Annotator "Gabriele Ballarin"]
[PlyCount "66"]
[EventDate "2002.01.12"]
[EventType "swiss"]
[EventCountry "ITA"]
[SourceTitle "Inf 17"]

1. e4 c5 2. c4 Nc6 3. Ne2 d6 4. d4 cxd4 5. Nxd4 Nf6 6. Nc3 g6 7. Be3 Bg7 8. f3 O-O 9. Qd2 Bd7 10. Be2 a6 11. O-O Nxd4 12. Bxd4 Qa5 13. a3 Rab8 14. b4 Qc7 15. Rac1 Be6 16. Nd5 Bxd5 17. cxd5 Qd7 18. Rc3 Rfc8 19. Rfc1 Rxc3 20. Rxc3 Rc8 21. b5 Rxc3 22. Qxc3 axb5 23. Qb2 Qd8 24. Qxb5 Qc7 25. Qb2 Ne8 26. Bxg7 Nxg7 27. Kf1 f5 28. Ke1 fxe4 29. fxe4 b6 30. Bd3 Qc5 31. h3 Qg1+ 32. Bf1 Qe3+ 33. Be2 Qg1+ 1/2-1/2

[Event "62.ITA Provinciale VE"]
[Site "Venezia Canal"]
[Date "2002.01.13"]
[Round "3.1"]
[White "Ballarin, Pietro"]
[Black "Roberti, Ignazio"]
[Result "0-1"]
[WhiteElo "1600"]
[BlackElo "1757"]
[Annotator "Gabriele Ballarin"]
[PlyCount "56"]
[EventDate "2002.01.12"]
[EventType "swiss"]
[EventCountry "ITA"]
[SourceTitle "Inf 22"]

1. e4 c5 2. c3 Nf6 3. e5 Nd5 4. d4 cxd4 5. cxd4 Nc6 6. Bc4 Nb6 7. Bb3 d5 8. exd6 Qxd6 9. Be3 Bf5 10. Nc3 e6 11. Nf3 Be7 12. O-O O-O 13. Qe2 Bg4 14. Rfd1 Rfd8 15. Rac1 Rac8 16. h3 Bh5 17. d5 Nxd5 18. Nxd5 exd5 19. Rxd5 Bxf3 20. Qxf3 Qf6 21. Rf5 Qh4 22. Bxf7+ Kh8 23. Rh5 Nd4 24. Bxd4 Rxc1+ 25. Kh2 Bd6+ 26. g3 Bxg3+ 27. fxg3 Rc2+ 28. Kg1 Qxd4+ 0-1

[Event "62.ITA Provinciale VE"]
[Site "Venezia Canal"]
[Date "2002.01.13"]
[Round "3.3"]
[White "Baracchi, Filippo"]
[Black "Gonzales, Guillermo"]
[Result "1-0"]
[WhiteElo "1708"]
[BlackElo "1674"]
[Annotator "Gabriele Ballarin"]
[PlyCount "89"]
[EventDate "2002.01.12"]
[EventType "swiss"]
[EventCountry "ITA"]
[SourceTitle "Inf 22"]

1. e4 c5 2. Nf3 d6 3. d4 cxd4 4. Nxd4 Nf6 5. Nc3 a6 6. Be2 e6 7. Be3 b5 8. a3 Bb7 9. f3 Nbd7 10. Qd2 Nb6 11. O-O Be7 12. Rfd1 O-O 13. Qe1 Re8 14. Qf2 Nc4 15. Bxc4 bxc4 16. e5 Nd5 17. Nxd5 Bxd5 18. Bf4 dxe5 19. Nc6 Qd6 20. Nxe5 Qc5 21. Be3 Qc7 22. Qg3 f6 23. Ng4 Qxg3 24. hxg3 Rab8 25. Bd4 Red8 26. Rd2 e5 27. Bc3 Bc5+ 28. Kf1 Be6 29. Rxd8+ Rxd8 30. Nf2 Bd4 31. Rd1 Kf7 32. g4 Rd7 33. Ne4 Bd5 34. Ke2 Bxe4 35. fxe4 Ke6 36. Bxd4 Rxd4 37. Rxd4 exd4 38. b3 cxb3 39. cxb3 Kd6 40. b4 Kc6 41. a4 Kb6 42. Kd3 a5 43. b5 Kc5 44. g5 h5 45. gxh6 1-0

[Event "62.ITA Provinciale VE"]
[Site "Venezia Canal"]
[Date "2002.01.13"]
[Round "3.4"]
[White "Baracchi, Leonardo"]
[Black "Cedriano, Filippo"]
[Result "1-0"]
[WhiteElo "1497"]
[BlackElo "1582"]
[Annotator "Gabriele Ballarin"]
[PlyCount "49"]
[EventDate "2002.01.12"]
[EventType "swiss"]
[EventCountry "ITA"]
[SourceTitle "Inf 22"]

1. e4 e5 2. Nc3 Nf6 3. f4 d5 4. fxe5 Nxe4 5. d3 Nxc3 6. bxc3 d4 7. Nf3 c5 8. cxd4 cxd4 9. Be2 Be7 10. O-O O-O 11. Bb2 Nc6 12. c3 Bc5 13. cxd4 Nxd4 14. Kh1 Be6 15. Qd2 Qd5 16. Rfe1 Rfd8 17. Nxd4 Bxd4 18. Bf3 Qb5 19. Bxd4 Rxd4 20. Be4 Qd7 21. Rab1 Bd5 22. Rb4 Rxb4 23. Qxb4 Rd8 24. Rd1 Qg4 25. Bxh7+ 1-0

[Event "62.ITA Provinciale VE"]
[Site "Venezia Canal"]
[Date "2002.01.13"]
[Round "3.5"]
[White "Ballarin, Gabriele"]
[Black "Tonolo, Maurizio"]
[Result "1-0"]
[WhiteElo "1633"]
[BlackElo "1497"]
[Annotator "Gabriele Ballarin"]
[PlyCount "153"]
[EventDate "2002.01.12"]
[EventType "swiss"]
[EventCountry "ITA"]
[SourceTitle "Inf 22"]

1. e4 e6 2. d4 d5 3. Nc3 Nf6 4. e5 Nfd7 5. f4 c5 6. Nf3 Nc6 7. Ne2 Be7 8. c3 O-O 9. g3 f6 10. Bh3 Nb6 11. O-O Qe8 12. Be3 c4 13. g4 f5 14. gxf5 exf5 15. Ng3 Be6 16. Qc2 g6 17. Kh1 Kh8 18. Rg1 Rf7 19. Rae1 Qd7 20. Re2 Raf8 21. Bf1 a5 22. h4 Rg8 23. Rh2 Nc8 24. Ng5 Bxg5 25. hxg5 b5 26. Bg2 Rgg7 27. Bf3 Kg8 28. Rh6 Kf8 29. Kg2 Nb6 30. Ne2 Qe7 31. Rb1 Kg8 32. b3 Qa7 33. Bc1 Rb7 34. Kg3 Rgc7 35. Be3 b4 36. Rhh1 cxb3 37. axb3 bxc3 38. Nxc3 Nb4 39. Qd2 Qb8 40. Rhc1 a4 41. Nxa4 Nxa4 42. bxa4 Nc6 43. Rxb7 Qxb7 44. Be2 Qa7 45. Bb5 Na5 46. Rxc7 Qxc7 47. Qc1 Nc4 48. Qc3 Kg7 49. Bc1 h6 50. gxh6+ Kxh6 51. Ba3 Qg7 52. Bc1 Qe7 53. Qe1 Kg7 54. Qc3 Kh6 55. a5 Kh5 56. Qf3+ Kh6 57. Qh1+ Kg7 58. Bxc4 dxc4 59. a6 Bc8 60. Qc6 Qd7 61. Qxd7+ Bxd7 62. a7 Bc6 63. Kh4 Ba8 64. Kg5 Kf7 65. Kh6 Ke6 66. Kxg6 Bd5 67. Bd2 Be4 68. Bc3 Ke7 69. Bb4+ Ke6 70. Kg7 Bd5 71. Kf8 Be4 72. Ke8 Bc6+ 73. Kd8 Kd5 74. Bc3 Bb7 75. Kc7 Ba8 76. Kb8 Bc6 77. a8=Q 1-0

[Event "62.ITA Provinciale VE"]
[Site "Venezia Canal"]
[Date "2002.01.19"]
[Round "4.1"]
[White "Roberti, Ignazio"]
[Black "Baracchi, Filippo"]
[Result "0-1"]
[WhiteElo "1757"]
[BlackElo "1708"]
[Annotator "Gabriele Ballarin"]
[PlyCount "56"]
[EventDate "2002.01.12"]
[EventType "swiss"]
[EventCountry "ITA"]
[SourceTitle "Inf 22"]

1. e4 c5 2. Nf3 Nc6 3. d4 cxd4 4. Nxd4 Nf6 5. Nc3 e5 6. Ndb5 d6 7. Bg5 a6 8. Na3 b5 9. Bxf6 gxf6 10. Nd5 Bg7 11. g3 Bb7 12. Bg2 Ne7 13. Nxe7 Qxe7 14. Qg4 h5 15. Qf5 Qe6 16. Bh3 Ke7 17. f3 d5 18. O-O-O Rad8 19. Rhe1 Bc8 20. c3 Qb6 21. Qxc8 Rxc8 22. Bxc8 Rxc8 23. Rxd5 b4 24. Nb1 Bh6+ 25. f4 exf4 26. Rxh5 Qf2 27. Rd1 Qe3+ 28. Kc2 Qe2+ 0-1

[Event "62.ITA Provinciale VE"]
[Site "Venezia Canal"]
[Date "2002.01.19"]
[Round "4.2"]
[White "Gerardi, Stefano"]
[Black "Ballarin, Gabriele"]
[Result "0-1"]
[WhiteElo "1506"]
[BlackElo "1633"]
[Annotator "Gabriele Ballarin"]
[PlyCount "66"]
[EventDate "2002.01.12"]
[EventType "swiss"]
[EventCountry "ITA"]
[SourceTitle "Inf 17"]

1. e4 c5 2. Nf3 Nc6 3. d4 cxd4 4. Nxd4 e5 5. Nf5 d5 6. exd5 Bxf5 7. dxc6 bxc6 8. Qf3 Qd7 9. Bd3 Bxd3 10. Qxd3 Qxd3 11. cxd3 O-O-O 12. Ke2 Bc5 13. Be3 Bb6 14. a4 Nf6 15. a5 Bd4 16. Nc3 Rhe8 17. Ra4 Re7 18. Rc1 Rb7 19. Rc2 Rb3 20. Rc4 Rd6 21. Na4 Kc7 22. Bxd4 exd4 23. Nc5 Rb5 24. b4 Nd5 25. Na6+ Kd7 26. Nc5+ Ke7 27. Ne4 Re6 28. Rxc6 Nc3+ 29. R2xc3 dxc3 30. Rxe6+ Kxe6 31. Nc5+ Kd5 32. Na6 Kd4 33. f4 Rb7 0-1

[Event "62.ITA Provinciale VE"]
[Site "Venezia Canal"]
[Date "2002.01.19"]
[Round "4.3"]
[White "Giordan, Daniele"]
[Black "Trangoni, Bruno"]
[Result "1-0"]
[WhiteElo "1608"]
[BlackElo "1662"]
[Annotator "Gabriele Ballarin"]
[PlyCount "31"]
[EventDate "2002.01.12"]
[EventType "swiss"]
[EventCountry "ITA"]
[SourceTitle "Inf 22"]

1. e4 e5 2. Nf3 Nc6 3. d4 exd4 4. Bc4 Nf6 5. O-O Nxe4 6. Re1 d5 7. Bxd5 Qxd5 8. Nc3 Qa5 9. Nxe4 Be6 10. Bd2 Qd5 11. Bg5 h6 12. Bh4 f5 13. Nc3 Qd7 14. Nb5 Bc5 15. Rxe6+ Kf7 16. Rxc6 1-0

[Event "62.ITA Provinciale VE"]
[Site "Venezia Canal"]
[Date "2002.01.19"]
[Round "4.4"]
[White "Velluti, Alberto"]
[Black "Ballarin, Pietro"]
[Result "1/2-1/2"]
[WhiteElo "1609"]
[BlackElo "1600"]
[Annotator "Gabriele Ballarin"]
[PlyCount "88"]
[EventDate "2002.01.12"]
[EventType "swiss"]
[EventCountry "ITA"]
[SourceTitle "Inf 22"]

1. e4 e5 2. Bc4 Nf6 3. d4 d5 4. dxe5 dxc4 5. Qxd8+ Kxd8 6. exf6 gxf6 7. Nc3 Nc6 8. Bf4 Ne5 9. O-O-O+ Bd7 10. Bg3 c6 11. f4 Bh6 12. Kb1 Ng6 13. Nge2 Ke7 14. e5 f5 15. h4 Nf8 16. h5 Ne6 17. Bh4+ Ke8 18. g3 Bf8 19. Nd4 Rg8 20. Rhe1 Nxd4 21. Rxd4 Be6 22. Red1 Be7 23. Bxe7 Kxe7 24. Ne2 Rad8 25. Rxd8 Rxd8 26. Rxd8 Kxd8 27. Nd4 Ke7 28. c3 Bd7 29. Kc2 f6 30. Nf3 h6 31. exf6+ Kxf6 32. Kd2 Be8 33. Ne5 Bxh5 34. Nxc4 Bf7 35. Nd6 b5 36. Nxf7 Kxf7 37. Ke3 Ke6 38. Kd4 Kd6 39. b4 a6 40. a3 h5 41. c4 Ke6 42. Kc5 Kd7 43. Kd4 Ke6 44. Kc5 Kd7 1/2-1/2

[Event "62.ITA Provinciale VE"]
[Site "Venezia Canal"]
[Date "2002.01.19"]
[Round "4.5"]
[White "Gonzales, Guillermo"]
[Black "Baracchi, Leonardo"]
[Result "1-0"]
[WhiteElo "1674"]
[BlackElo "1497"]
[Annotator "Gabriele Ballarin"]
[PlyCount "47"]
[EventDate "2002.01.12"]
[EventType "swiss"]
[EventCountry "ITA"]
[SourceTitle "Inf 22"]

1. e4 e5 2. Nf3 Nc6 3. Bb5 a6 4. Bxc6 dxc6 5. O-O Bd6 6. d4 exd4 7. Qxd4 f6 8. c4 Bg4 9. Qe3 Bxf3 10. Qxf3 Qe7 11. Nc3 O-O-O 12. Be3 Qe6 13. Qe2 Ne7 14. f4 Ng8 15. Rad1 Nh6 16. b3 Nf7 17. Rf3 Bb4 18. Bd4 c5 19. Bf2 Bxc3 20. Rxc3 Rxd1+ 21. Qxd1 Qxe4 22. Bxc5 Qxf4 23. Rf3 Rd8 24. Qxd8+ 1-0

[Event "62.ITA Provinciale VE"]
[Site "Venezia Canal"]
[Date "2002.01.19"]
[Round "4.6"]
[White "Cedriano, Filippo"]
[Black "Zannetti, Davide"]
[Result "1-0"]
[WhiteElo "1582"]
[BlackElo "1300"]
[Annotator "Gabriele Ballarin"]
[PlyCount "73"]
[EventDate "2002.01.12"]
[EventType "swiss"]
[EventCountry "ITA"]
[SourceTitle "Inf 22"]

1. e4 e5 2. Nf3 d6 3. d4 exd4 4. Nxd4 Nf6 5. Nc3 Be7 6. Bf4 Bg4 7. f3 Nh5 8. Be3 Bd7 9. Qd2 Nc6 10. O-O-O Ne5 11. Kb1 a6 12. Be2 b5 13. g4 b4 14. Nd5 Nf6 15. g5 Nxd5 16. exd5 c5 17. dxc6 Nxc6 18. Nxc6 Bxc6 19. Bf4 d5 20. Rhe1 O-O 21. Bd3 Bc5 22. Qg2 Qb6 23. Qh3 g6 24. Be5 Bd4 25. Bxg6 fxg6 26. Bxd4 Qc7 27. Bf6 Rf7 28. Qg3 Qd7 29. h4 h5 30. Rd2 Rc8 31. Rde2 Qf5 32. Re5 Qd7 33. f4 Qc7 34. Qd3 Kh7 35. Re7 Bb5 36. Rxc7 Rfxc7 37. Qd4 1-0

[Event "62.ITA Provinciale VE"]
[Site "Venezia Canal"]
[Date "2002.01.20"]
[Round "5.1"]
[White "Baracchi, Filippo"]
[Black "Giordan, Daniele"]
[Result "0-1"]
[WhiteElo "1708"]
[BlackElo "1608"]
[Annotator "Gabriele Ballarin"]
[PlyCount "46"]
[EventDate "2002.01.12"]
[EventType "swiss"]
[EventCountry "ITA"]
[SourceTitle "Inf 22"]

1. e4 c6 2. d4 d5 3. Nc3 dxe4 4. Nxe4 Bf5 5. Bd3 e6 6. Qe2 Qxd4 7. Nf3 Qd8 8. Bd2 Bxe4 9. Bxe4 Nf6 10. O-O-O Nbd7 11. Rhe1 Be7 12. Bc3 Nxe4 13. Qxe4 Bf6 14. Ne5 Bxe5 15. Bxe5 Qa5 16. Bc3 Qxa2 17. Rxd7 Kxd7 18. Rd1+ Ke8 19. Qb4 Qa1+ 20. Kd2 Rd8+ 21. Bd4 Qa6 22. Kc1 e5 23. Bxe5 Qa1# 0-1

[Event "62.ITA Provinciale VE"]
[Site "Venezia Canal"]
[Date "2002.01.20"]
[Round "5.2"]
[White "Ballarin, Gabriele"]
[Black "Roberti, Ignazio"]
[Result "0-1"]
[WhiteElo "1633"]
[BlackElo "1757"]
[Annotator "Gabriele Ballarin"]
[PlyCount "90"]
[EventDate "2002.01.12"]
[EventType "swiss"]
[EventCountry "ITA"]
[SourceTitle "Inf 17"]

1. e4 e6 2. d4 d5 3. Nc3 Nf6 4. Bg5 Be7 5. e5 Nfd7 6. Bxe7 Qxe7 7. Nb5 Qd8 8. Qg4 Kf8 9. f4 a6 10. Nc3 c5 11. Nf3 Nc6 12. O-O-O h5 13. Qh3 Qb6 14. Ne2 cxd4 15. Nfxd4 Nc5 16. Qa3 Kg8 17. Nxc6 bxc6 18. Nd4 Rb8 19. Bd3 a5 20. Rhf1 g6 21. Rf3 Kg7 22. Nb3 Nxb3+ 23. Qxb3 Qb4 24. Bf1 c5 25. Qxb4 axb4 26. h4 Bd7 27. a3 Bb5 28. axb4 Bxf1 29. Rdxf1 Rxb4 30. b3 Ra8 31. Kd2 Ra2 32. g3 c4 33. bxc4 Rxc4 34. Rc3 Rxc3 35. Kxc3 Ra3+ 36. Kd4 Rxg3 37. c4 dxc4 38. Kxc4 Rg4 39. Kd3 Rxh4 40. Ke3 Rh3+ 41. Kf2 Ra3 42. Rd1 Ra4 43. Kg3 g5 44. Rd3 Kg6 45. Rd7 Ra3+ 0-1

[Event "62.ITA Provinciale VE"]
[Site "Venezia Canal"]
[Date "2002.01.20"]
[Round "5.3"]
[White "Cedriano, Filippo"]
[Black "Gonzales, Guillermo"]
[Result "1-0"]
[WhiteElo "1582"]
[BlackElo "1674"]
[Annotator "Gabriele Ballarin"]
[PlyCount "93"]
[EventDate "2002.01.12"]
[EventType "swiss"]
[EventCountry "ITA"]
[SourceTitle "Inf 22"]

1. e4 c5 2. Nf3 d6 3. d4 cxd4 4. Nxd4 Nf6 5. Nc3 a6 6. a4 Nc6 7. Be2 e6 8. Be3 Be7 9. Nb3 Bd7 10. a5 Na7 11. Bb6 Qb8 12. O-O Bc6 13. f3 Nd7 14. Be3 O-O 15. Na4 Bxa4 16. Rxa4 Nc6 17. f4 Nc5 18. Nxc5 dxc5 19. c3 Qc7 20. Qa1 Rfc8 21. Rc1 Bf8 22. b4 cxb4 23. cxb4 Qd7 24. Rd1 Qe8 25. b5 Nb4 26. Qb1 Nc2 27. Bc1 Rc5 28. Ra2 Qc8 29. Bd3 Nb4 30. bxa6 bxa6 31. Qxb4 Rxc1 32. Qd2 Qc5+ 33. Kh1 Rc8 34. Ra1 Rxa1 35. Rxa1 Qd4 36. Rd1 Bb4 37. Qe2 Rd8 38. Bc2 Qd2 39. Rxd2 Rxd2 40. Qc4 Bxa5 41. Qc8+ Rd8 42. Qxa6 Bd2 43. f5 exf5 44. exf5 Bg5 45. Qc4 Re8 46. h3 g6 47. fxg6 1-0

[Event "62.ITA Provinciale VE"]
[Site "Venezia Canal"]
[Date "2002.01.20"]
[Round "5.5"]
[White "Ballarin, Pietro"]
[Black "Gerardi, Stefano"]
[Result "1-0"]
[WhiteElo "1600"]
[BlackElo "1506"]
[Annotator "Gabriele Ballarin"]
[PlyCount "53"]
[EventDate "2002.01.12"]
[EventType "swiss"]
[EventCountry "ITA"]
[SourceTitle "Inf 22"]

1. e4 c5 2. c3 Nc6 3. d4 cxd4 4. cxd4 Nf6 5. Nc3 d6 6. Bc4 e6 7. Nf3 Be7 8. O-O O-O 9. Qe2 a6 10. e5 dxe5 11. dxe5 Nd5 12. Rd1 Nxc3 13. bxc3 Qc7 14. Bf4 b5 15. Bd3 Bb7 16. Rac1 Ba3 17. Bxh7+ Kxh7 18. Ng5+ Kg8 19. Qh5 Rfd8 20. Qh7+ Kf8 21. Qh8+ Ke7 22. Qxg7 Rf8 23. Ne4 Ke8 24. Bh6 Qxe5 25. Nf6+ Ke7 26. Bg5 Qc7 27. Nd5+ 1-0

[Event "62.ITA Provinciale VE"]
[Site "Venezia Canal"]
[Date "2002.01.20"]
[Round "5.6"]
[White "Trangoni, Bruno"]
[Black "Tonolo, Maurizio"]
[Result "1-0"]
[WhiteElo "1662"]
[BlackElo "1497"]
[Annotator "Gabriele Ballarin"]
[PlyCount "109"]
[EventDate "2002.01.12"]
[EventType "swiss"]
[EventCountry "ITA"]
[SourceTitle "Inf 22"]

1. f4 d5 2. Nf3 c5 3. e3 g6 4. Bb5+ Nc6 5. Nc3 a6 6. Bxc6+ bxc6 7. O-O Nf6 8. Ne5 Qc7 9. Qe2 Bg7 10. Na4 c4 11. Nc5 O-O 12. d3 cxd3 13. cxd3 Nd7 14. Nexd7 Bxd7 15. Bd2 a5 16. a4 e5 17. fxe5 Bxe5 18. h3 Bc8 19. Bc3 Bd6 20. Nb3 Be5 21. Rac1 Bxc3 22. Rxc3 Qb6 23. Nd4 Bd7 24. Rfc1 Rfc8 25. Qf3 c5 26. Rb3 Qd6 27. Nb5 Qe6 28. Rbc3 Bxb5 29. axb5 Qd6 30. Rd1 Qe6 31. b6 Rab8 32. Rdc1 Rxb6 33. Rxc5 Rxc5 34. Rxc5 Rxb2 35. Rxa5 Rb1+ 36. Kh2 Qd6+ 37. Qf4 Qc6 38. Ra7 Rb7 39. Ra8+ Kg7 40. Qd4+ f6 41. Qa1 Qc7+ 42. Kg1 Qg3 43. Re8 Qd6 44. Qa8 Qc7 45. Rc8 Qe7 46. Kf2 Qd7 47. Rg8+ Kh6 48. Qf8+ Kg5 49. h4+ Kg4 50. Qxf6 Rb2+ 51. Qxb2 Qf7+ 52. Ke2 Qxg8 53. Qf6 g5 54. Qf3+ Kxh4 55. Qh3# 1-0

[Event "62.ITA Provinciale VE"]
[Site "Venezia Canal"]
[Date "2002.01.20"]
[Round "6.1"]
[White "Roberti, Ignazio"]
[Black "Giordan, Daniele"]
[Result "1-0"]
[WhiteElo "1757"]
[BlackElo "1608"]
[Annotator "Gabriele Ballarin"]
[PlyCount "91"]
[EventDate "2002.01.12"]
[EventType "swiss"]
[EventCountry "ITA"]
[SourceTitle "Inf 22"]

1. Nf3 f5 2. b3 Nf6 3. Bb2 e6 4. e3 g6 5. c4 Bg7 6. d4 O-O 7. Nc3 d6 8. Be2 Nc6 9. h4 e5 10. d5 Ne7 11. Ng5 h6 12. Ne6 Bxe6 13. dxe6 Qc8 14. Nd5 Re8 15. g4 c6 16. Nxf6+ Bxf6 17. g5 hxg5 18. hxg5 Bg7 19. Qxd6 Qd8 20. O-O-O Qxd6 21. Rxd6 Rad8 22. Rhd1 Rxd6 23. Rxd6 b6 24. f4 Kf8 25. Bxe5 Bxe5 26. fxe5 c5 27. Bf3 Nc8 28. Bd5 Nxd6 29. exd6 Rb8 30. Kd2 a6 31. Kd3 b5 32. e4 Rb6 33. e5 b4 34. Ke3 a5 35. Kf4 Ra6 36. Bb7 Rb6 37. Bc8 Ke8 38. Bd7+ Kd8 39. Ba4 Rb7 40. e7+ Rxe7 41. dxe7+ Kxe7 42. Bc6 Ke6 43. Bd5+ Ke7 44. e6 Kd6 45. Ke3 Ke7 46. Kf3 1-0

[Event "62.ITA Provinciale VE"]
[Site "Venezia Canal"]
[Date "2002.01.20"]
[Round "6.2"]
[White "Ballarin, Pietro"]
[Black "Baracchi, Filippo"]
[Result "1/2-1/2"]
[WhiteElo "1600"]
[BlackElo "1708"]
[Annotator "Gabriele Ballarin"]
[PlyCount "69"]
[EventDate "2002.01.12"]
[EventType "swiss"]
[EventCountry "ITA"]
[SourceTitle "Inf 22"]

1. e4 c5 2. c3 d5 3. exd5 Qxd5 4. d4 e6 5. Nf3 Nc6 6. Be3 Nf6 7. Be2 Ng4 8. O-O Nxe3 9. fxe3 Be7 10. Nbd2 O-O 11. e4 Qd7 12. Nc4 cxd4 13. cxd4 Nxd4 14. Nfe5 Nxe2+ 15. Qxe2 Qd4+ 16. Kh1 b5 17. Nc6 Qxc4 18. Nxe7+ Kh8 19. Qh5 Bb7 20. Rxf7 Qxe4 21. Ng6+ Qxg6 22. Qxg6 hxg6 23. Rxb7 Rfb8 24. Re7 Re8 25. Rb7 a6 26. Rb6 Kg8 27. Rf1 Kh7 28. Kg1 Kh6 29. Kf2 Rac8 30. Ke3 Ra8 31. Rf2 g5 32. Ke4 Kh7 33. Ke5 Rf8 34. Rc2 Rac8 35. Rd2 1/2-1/2

[Event "62.ITA Provinciale VE"]
[Site "Venezia Canal"]
[Date "2002.01.20"]
[Round "6.3"]
[White "Velluti, Alberto"]
[Black "Cedriano, Filippo"]
[Result "0-1"]
[WhiteElo "1609"]
[BlackElo "1582"]
[Annotator "Gabriele Ballarin"]
[PlyCount "84"]
[EventDate "2002.01.12"]
[EventType "swiss"]
[EventCountry "ITA"]
[SourceTitle "Inf 22"]

1. e4 e5 2. Bc4 Nf6 3. d4 Nxe4 4. dxe5 c6 5. Bxf7+ Kxf7 6. Qh5+ Kg8 7. Nf3 g6 8. Qg4 d5 9. Qf4 Qe7 10. O-O Qf7 11. Qe3 Bc5 12. Qh6 Bf5 13. a3 Nd7 14. b4 Bf8 15. Qf4 Bg7 16. Bb2 Re8 17. Re1 Qe7 18. c4 Nxe5 19. Nxe5 Bxe5 20. Bxe5 Qxe5 21. Qxe5 Rxe5 22. f3 Kg7 23. cxd5 cxd5 24. fxe4 Bxe4 25. Nd2 Rhe8 26. Rac1 Kf6 27. Rf1+ Rf5 28. Rfe1 Rfe5 29. Rf1+ Rf5 30. Rfe1 Re7 31. g3 Rfe5 32. Rf1+ Kg7 33. Rfe1 Kh6 34. Nb3 Bf5 35. Red1 Re3 36. Nd4 Be4 37. a4 Ra3 38. a5 Ra2 39. Nb5 Rg2+ 40. Kf1 Rf7+ 41. Ke1 Rff2 42. Nc3 Rb2 0-1

[Event "62.ITA Provinciale VE"]
[Site "Venezia Canal"]
[Date "2002.01.20"]
[Round "6.4"]
[White "Baracchi, Leonardo"]
[Black "Trangoni, Bruno"]
[Result "0-1"]
[WhiteElo "1497"]
[BlackElo "1662"]
[Annotator "Gabriele Ballarin"]
[PlyCount "80"]
[EventDate "2002.01.12"]
[EventType "swiss"]
[EventCountry "ITA"]
[SourceTitle "Inf 22"]

1. e4 e5 2. Nc3 Bc5 3. Nf3 d6 4. d4 exd4 5. Nxd4 Nf6 6. Nb3 Bb4 7. Bd2 O-O 8. Bd3 Re8 9. f3 d5 10. O-O d4 11. Ne2 Bxd2 12. Qxd2 Be6 13. Nbxd4 c5 14. Nxe6 Rxe6 15. e5 Nfd7 16. f4 Qe8 17. Rf3 Nc6 18. Bf5 Re7 19. c3 Nb6 20. Qc2 h6 21. Rd1 Rd8 22. Rxd8 Nxd8 23. Rd3 Nc6 24. Bh7+ Kh8 25. Be4 Nc4 26. Bxc6 bxc6 27. b3 Nb6 28. c4 f6 29. Qd2 Nd7 30. Ng3 fxe5 31. fxe5 Kh7 32. Nf5 Rxe5 33. Rxd7 Rxf5 34. Rxa7 Qe5 35. h3 Qa1+ 36. Kh2 Qe5+ 37. Kg1 Qf6 38. g4 Rf1+ 39. Kg2 Qf3+ 40. Kh2 Rh1# 0-1

[Event "62.ITA Provinciale VE"]
[Site "Venezia Canal"]
[Date "2002.01.20"]
[Round "6.5"]
[White "Gonzales, Guillermo"]
[Black "Ballarin, Gabriele"]
[Result "1-0"]
[WhiteElo "1674"]
[BlackElo "1633"]
[Annotator "Gabriele Ballarin"]
[PlyCount "109"]
[EventDate "2002.01.12"]
[EventType "swiss"]
[EventCountry "ITA"]
[SourceTitle "Inf 22"]

1. d4 e6 2. e4 d5 3. e5 c5 4. c3 Nc6 5. Nf3 cxd4 6. cxd4 Bd7 7. Nc3 a6 8. Bd3 Nge7 9. O-O Rc8 10. Be3 g6 11. Qd2 Nf5 12. Rac1 Na5 13. Bg5 Be7 14. Bxe7 Nxe7 15. Qh6 Nf5 16. Bxf5 gxf5 17. Qg7 Rf8 18. Ng5 f6 19. Nxh7 Qe7 20. Nxf6+ Kd8 21. Qxe7+ Kxe7 22. Ncxd5+ exd5 23. Nxd5+ Kd8 24. Nb6 Rxc1 25. Rxc1 Nc6 26. Rd1 Be8 27. f4 Bh5 28. Rd2 Bf7 29. d5 Nb4 30. a3 Kc7 31. Na8+ Kb8 32. axb4 Kxa8 33. e6 Be8 34. d6 Bd7 35. e7 Rg8 36. Re2 Kb8 37. g3 Kc8 38. Rc2+ Bc6 39. Rc5 Kd7 40. Rxf5 Re8 41. Rf6 Bd5 42. f5 Rc8 43. Rf8 Bc6 44. Rxc8 Kxc8 45. f6 Be8 46. g4 Kd7 47. h4 Ke6 48. g5 Kxd6 49. Kf2 Ke5 50. Kg3 Bh5 51. e8=Q+ Bxe8 52. Kg4 Bd7+ 53. Kh5 Be8+ 54. Kh6 Ke6 55. Kg7 1-0

[Event "62.Camp. Veneto Quarti di Finale"]
[Site "Arquà Petrarca ITA"]
[Date "2002.05.04"]
[Round "1.9"]
[White "Ceccherini, Paolo"]
[Black "Solinas, Carlo"]
[Result "1/2-1/2"]
[WhiteElo "1516"]
[BlackElo "2057"]
[Annotator "Gabriele Ballarin"]
[PlyCount "59"]
[EventDate "2002.05.04"]
[EventType "swiss"]
[EventRounds "6"]
[EventCountry "ITA"]

1. d4 Nf6 2. e3 g6 3. Nf3 Bg7 4. b3 O-O 5. Bd3 d6 6. O-O Nc6 7. Bb2 Qe8 8. Re1 e5 9. e4 Bg4 10. d5 Nd4 11. Nbd2 Nh5 12. h3 Nxf3+ 13. Nxf3 Bd7 14. c4 Qe7 15. Rc1 Nf4 16. Bf1 g5 17. Rc3 g4 18. hxg4 Bxg4 19. Qc2 Kh8 20. Nh2 Bd7 21. Ree3 f5 22. g3 Qg5 23. Nf3 Qh5 24. gxf4 Qg4+ 25. Bg2 exf4 26. Nh2 Qg6 27. Rg3 fxg3 28. Rxg3 Qxg3 29. fxg3 Rae8 30. Bxg7+ 1/2-1/2